[Event "AUS-ch Minor"]
[Site "Cammeray"]
[Date "2011.01.09"]
[Round "7"]
[White "Dalton, Laurie"]
[Black "Willathgamuwa, Kevin"]
[Result "1/2-1/2"]
[WhiteElo "1377"]
[BlackElo "1052"]
[PlyCount "37"]
[EventDate "2011.01.02"]
[EventType "swiss"]
[EventRounds "11"]
[EventCountry "AUS"]
[SourceTitle "EXT 2012"]
[Source "ChessBase"]
[SourceDate "2011.11.24"]
[SourceVersion "1"]
[SourceVersionDate "2011.11.24"]
[SourceQuality "1"]

1. e4 c5 2. Nf3 e6 3. d4 cxd4 4. Nxd4 Nf6 5. Nc3 Nc6 6. Be3 Bb4 7. f3 Bxc3+ 8. bxc3 d5 9. Nxc6 bxc6 10. e5 Nd7 11. f4 0-0 12. Bd3 Qh4+ 13. g3 Qh6 14. Qd2 Qh5 15. Be2 Qf5 16. Bd3 Qh5 17. Be2 Qf5 18. Bd3 Qh5 19. Be2 1/2-1/2

[Event "AUS-ch Minor"]
[Site "Cammeray"]
[Date "2011.01.05"]
[Round "4"]
[White "Renzies, Elliott"]
[Black "Dalton, Laurie"]
[Result "1/2-1/2"]
[WhiteElo "1298"]
[BlackElo "1377"]
[PlyCount "83"]
[EventDate "2011.01.02"]
[EventType "swiss"]
[EventRounds "11"]
[EventCountry "AUS"]
[SourceTitle "EXT 2012"]
[Source "ChessBase"]
[SourceDate "2011.11.24"]
[SourceVersion "1"]
[SourceVersionDate "2011.11.24"]
[SourceQuality "1"]

1. e4 c5 2. Nc3 Nc6 3. f4 g6 4. Nf3 Bg7 5. Bc4 d6 6. Ne2 e6 7. c3 Nge7 8. d4 cxd4 9. Nexd4 0-0 10. Be3 a6 11. a4 Qc7 12. Qd2 Na5 13. Ba2 Nc4 14. Bxc4 Qxc4 15. Qe2 Qxe2+ 16. Kxe2 Rd8 17. Rad1 Bd7 18. b3 Rac8 19. c4 Nc6 20. Nc2 Be8 21. Rd3 Bf8 22. Rhd1 Be7 23. g4 Rb8 24. Bb6 Rd7 25. h4 Bd8 26. Bxd8 Rbxd8 27. Nfd4 Ne7 28. f5 e5 29. Nf3 f6 30. Rg1 Kf7 31. Nd2 Rc7 32. g5 Bc6 33. gxf6 Kxf6 34. fxg6 Nxg6 35. Rf3+ Nf4+ 36. Ke3 Rg7 37. Rxg7 Kxg7 38. Rg3+ Kf7 39. Nf3 h6 40. Nb4 Bd7 41. Nd5 Nxd5+ 42. exd5 1/2-1/2

[Event "AUS-ch Minor"]
[Site "Cammeray"]
[Date "2011.01.02"]
[Round "1"]
[White "Dalton, Laurie"]
[Black "Shi, Eric"]
[Result "1-0"]
[WhiteElo "1377"]
[BlackElo "941"]
[PlyCount "153"]
[EventDate "2011.01.02"]
[EventType "swiss"]
[EventRounds "11"]
[EventCountry "AUS"]
[SourceTitle "EXT 2012"]
[Source "ChessBase"]
[SourceDate "2011.11.24"]
[SourceVersion "1"]
[SourceVersionDate "2011.11.24"]
[SourceQuality "1"]

1. e4 b6 2. d4 Bb7 3. Bd3 e6 4. Nf3 Ne7 5. 0-0 Ng6 6. Qe2 Be7 7. Be3 0-0 8. c4 d5 9. cxd5 exd5 10. Nc3 dxe4 11. Bxe4 Bxe4 12. Nxe4 Nd7 13. Rac1 Nf6 14. Nxf6+ Bxf6 15. Rc2 Qd6 16. Rfc1 Rfc8 17. Rc6 Qd7 18. Qc4 Bd8 19. Bg5 b5 20. Qc5 Qg4 21. h3 Qd7 22. Bxd8 Qxd8 23. Rxc7 Rxc7 24. Qxc7 Qxc7 25. Rxc7 h6 26. g3 a5 27. d5 b4 28. d6 Rd8 29. d7 Nf8 30. Rc8 Rxd7 31. Ra8 Rd5 32. b3 g6 33. Kg2 Kg7 34. h4 Nh7 35. Ra6 Nf6 36. Rc6 Ne4 37. Rc2 Rd1 38. Ne5 Rd5 39. Nc4 Kf6 40. Kf3 Nc5 41. Nxa5 Ne6 42. Nc6 Nd4+ 43. Nxd4 Rxd4 44. Ke3 Rd6 45. Rc4 Ra6 46. Rxb4 Rxa2 47. Rb7 Rb2 48. b4 Ke6 49. Kf3 f6 50. b5 h5 51. b6 g5 52. Rb8 Kd7 53. b7 Rb3+ 54. Kg2 Kc7 55. Rh8 Kxb7 56. Rxh5 Rb5 57. Rh7+ Kc6 58. h5 g4 59. h6 Rh5 60. Rh8 Kd7 61. h7 Ke7 62. Rg8 Rxh7 63. Rxg4 Ke6 64. Rf4 Ke5 65. f3 Rh6 66. Re4+ Kd5 67. g4 f5 68. gxf5 Rf6 69. Kg3 Rxf5 70. Kg4 Re5 71. Rxe5+ Kxe5 72. Kg5 Ke6 73. f4 Kf7 74. Kf5 Ke7 75. Kg6 Kf8 76. Kf6 Ke8 77. Kg7 1-0

[Event "Doeberl Cup Major 48th"]
[Site "Canberra"]
[Date "2010.04.02"]
[Round "2"]
[White "De Noskowski, Adrian"]
[Black "Dalton, Laurie"]
[Result "1-0"]
[WhiteElo "1697"]
[BlackElo "1307"]
[PlyCount "89"]
[EventDate "2010.04.02"]
[EventType "swiss"]
[EventRounds "7"]
[EventCountry "AUS"]
[SourceTitle "EXT 2012"]
[Source "ChessBase"]
[SourceDate "2011.11.24"]
[SourceVersion "1"]
[SourceVersionDate "2011.11.24"]
[SourceQuality "1"]

1. d4 Nf6 2. c4 e6 3. Nc3 c5 4. d5 exd5 5. cxd5 d6 6. Nf3 g6 7. h3 Bg7 8. e4 0-0 9. Bd3 a6 10. a4 Re8 11. 0-0 Nbd7 12. Re1 Qc7 13. Bf4 Nh5 14. Bh2 Rb8 15. Qd2 c4 16. Bf1 b5 17. axb5 axb5 18. Nd4 b4 19. Ncb5 c3 20. bxc3 bxc3 21. Qc2 Qb6 22. Nc6 Ne5 23. Nxb8 Qxb8 24. Rab1 Bxh3 25. Bxe5 Bxe5 26. gxh3 Qc8 27. Re3 Nf4 28. Kh1 Re7 29. Rc1 g5 30. Qd1 h5 31. Nd4 Rc7 32. Nf5 Kh7 33. Bd3 f6 34. Bc2 Qe8 35. Rb1 Qd8 36. Qf1 Kg6 37. Qa6 Rd7 38. Rb7 g4 39. h4 Nh3 40. Qa7 Rxb7 41. Qxb7 Qf8 42. Kg2 Nf4+ 43. Kf1 Nh3 44. Ba4 Qf7 45. Be8 1-0

[Event "AUS-ch Minor"]
[Site "Cammeray"]
[Date "2010.01.12"]
[Round "10"]
[White "Roche, Stephen"]
[Black "Dalton, Laurie"]
[Result "0-1"]
[WhiteElo "1060"]
[BlackElo "1323"]
[PlyCount "74"]
[EventDate "2010.01.02"]
[EventType "swiss"]
[EventRounds "11"]
[EventCountry "AUS"]
[SourceTitle "EXT 2011"]
[Source "ChessBase"]
[SourceDate "2010.11.26"]
[SourceVersion "1"]
[SourceVersionDate "2010.11.26"]
[SourceQuality "1"]

1. e4 c5 2. Nf3 d6 3. Bb5+ Nd7 4. 0-0 Ngf6 5. Re1 e5 6. Nc3 a6 7. Bxd7+ Bxd7 8. d3 h6 9. h3 Be7 10. b3 0-0 11. Bb2 b5 12. a3 Qc7 13. Ne2 Rac8 14. Ng3 g6 15. c4 Ne8 16. Bc1 Kg7 17. Be3 Rh8 18. Nh2 h5 19. Ne2 f5 20. f4 fxe4 21. dxe4 Nf6 22. fxe5 Nxe4 23. exd6 Bxd6 24. Nf3 Rce8 25. Qc2 Bf5 26. Qb2+ Kh7 27. Rad1 Be7 28. Bf4 Qc8 29. Be3 Rhg8 30. Rf1 Rd8 31. Nh4 Bxh4 32. g3 Rxd1 33. Rxd1 Bg5 34. g4 Bxg4 35. hxg4 Qxg4+ 36. Kh1 Qh3+ 37. Kg1 Bxe3# 0-1

[Event "Doeberl Cup Minor 47th"]
[Site "Canberra"]
[Date "2009.04.10"]
[Round "2"]
[White "Scully, Mark"]
[Black "Dalton, Laurie"]
[Result "0-1"]
[WhiteElo "1110"]
[BlackElo "1339"]
[PlyCount "94"]
[EventDate "2009.04.10"]
[EventType "swiss"]
[EventRounds "6"]
[EventCountry "AUS"]
[SourceTitle "CBM 129 Extra"]
[Source "ChessBase"]
[SourceDate "2009.05.05"]
[SourceVersion "2"]
[SourceVersionDate "2009.05.20"]
[SourceQuality "1"]

1. e4 c5 2. a3 g6 3. d4 Bg7 4. dxc5 Qa5+ 5. b4 Qc7 6. Ra2 Nc6 7. Bd3 b6 8. cxb6 axb6 9. Bb2 Nf6 10. Qd2 0-0 11. Ne2 Bb7 12. 0-0 Ne5 13. Bxe5 Qxe5 14. f3 d5 15. f4 Qc7 16. e5 Ne4 17. Bxe4 dxe4 18. Qc3 Qd7 19. Qd4 Qxd4+ 20. Nxd4 Rfd8 21. c3 Bd5 22. Raf2 Bc4 23. Re1 Bd3 24. Rd2 Bxb1 25. Rxb1 Rxa3 26. Rb3 Rxd4 27. Rxd4 Rxb3 28. Rd8+ Bf8 29. Rb8 e3 30. Kf1 Rb2 31. Rc8 h5 32. h4 Rf2+ 33. Ke1 Rxf4 34. Rb8 Rc4 35. Rxb6 Rxc3 36. e6 fxe6 37. Rb8 Kf7 38. g4 Bg7 39. b5 Be5 40. Rb7 Rc2 41. b6 Bg3+ 42. Kd1 Rh2 43. Rc7 e2+ 44. Kc2 e1Q+ 45. Kb3 Bxc7 46. bxc7 Qc1 47. c8Q Qxc8 0-1

[Event "Canberra AUS Minor op"]
[Site "Canberra"]
[Date "2006.12.29"]
[Round "2"]
[White "Buciu, Avram"]
[Black "Dalton, Laurie"]
[Result "1/2-1/2"]
[WhiteElo "1470"]
[BlackElo "1315"]
[PlyCount "94"]
[EventDate "2006.12.28"]
[EventType "swiss"]
[EventRounds "6"]
[EventCountry "AUS"]
[SourceTitle "EXT 2010"]
[Source "ChessBase"]
[SourceDate "2010.11.25"]
[SourceVersion "1"]
[SourceVersionDate "2010.11.25"]
[SourceQuality "1"]

1. e4 c5 2. Bc4 e6 3. Nf3 d5 4. exd5 exd5 5. Be2 Nc6 6. 0-0 Nf6 7. Re1 Be7 8. d4 0-0 9. Be3 Qb6 10. Nc3 cxd4 11. Nxd4 Qxb2 12. Ndb5 Qb4 13. Nxd5 Nxd5 14. Qxd5 Be6 15. Qd1 Rfd8 16. Qc1 Rd7 17. h3 a6 18. c3 Qh4 19. Nd4 Nxd4 20. cxd4 Bf6 21. Bf3 Bxd4 22. Bxd4 Qxd4 23. Rb1 Rb8 24. Rd1 Qc4 25. Qxc4 Rxd1+ 26. Rxd1 Bxc4 27. Bxb7 g6 28. Bd5 Bxd5 29. Rxd5 Rb5 30. Rd6 Ra5 31. Rd2 h5 32. g3 Ra3 33. Kf1 h4 34. Kg2 hxg3 35. fxg3 Kg7 36. h4 f5 37. Kf2 Kh6 38. Kg2 a5 39. Kf2 Kh5 40. Kg2 Kg4 41. Rd4+ Kh5 42. Rd2 Ra4 43. Kf3 Ra3+ 44. Kg2 g5 45. hxg5 Kxg5 46. Kf2 Kg4 47. Rd4+ Kg5 1/2-1/2

[Event "Box Hill CC-ch"]
[Site "Box Hill"]
[Date "2005.06.11"]
[Round "2.20"]
[White "Dalton, Laurie"]
[Black "Belletty, Malcolm"]
[Result "0-1"]
[WhiteElo "1267"]
[BlackElo "1828"]
[PlyCount "92"]
[EventDate "2005.06.11"]
[EventType "swiss"]
[EventRounds "7"]
[EventCountry "AUS"]
[SourceTitle "EXT 2018"]
[Source "ChessBase"]
[SourceDate "2017.10.13"]
[SourceVersion "1"]
[SourceVersionDate "2017.10.13"]
[SourceQuality "1"]

1. d4 d5 2. c4 c6 3. Nf3 Nf6 4. Nc3 e6 5. Bg5 Nbd7 6. e3 Qa5 7. Bd3 dxc4 8. Bxc4 Ne4 9. Qa4 Qxa4 10. Nxa4 b5 11. Bd3 Nxg5 12. Nxg5 bxa4 13. Be4 Bb4+ 14. Ke2 Ba6+ 15. Kf3 Rc8 16. a3 Ba5 17. Rac1 Ke7 18. Rxc6 Rxc6 19. Bxc6 Nb6 20. Rc1 Rc8 21. Rc5 Bd2 22. Ne4 Nc4 23. Bxa4 Bc1 24. Bb3 Nxb2 25. Ra5 Bb7 26. Rxa7 Rc7 27. d5 Rd7 28. dxe6 Bxe4+ 29. Kxe4 Rxa7 30. exf7 Na4 31. g4 Nc5+ 32. Kf5 Nxb3 33. h4 Ra4 34. f4 Nd2 35. g5 g6+ 36. Kg4 Re4 37. h5 Rxe3 38. f5 Re4+ 39. Kg3 Bxa3 40. fxg6 Bd6+ 41. Kf2 hxg6 42. h6 Kxf7 43. Kg2 Re2+ 44. Kh3 Ke6 45. h7 Kf5 46. h8Q Rh2# 0-1